00780 2200265 4500001002100000005001500021035002000036007000300056008004100059020001800100082000800118084001400126100002400140245005000164250002000214260003200234300003500266520012300301600002000424990001400444990001400458990001400472990001400486990001400500INLIS00000000001040920250915025553 a0010-0925000007ta250915 g 0 ind  a9786029473865 a369 a369 BAM a0 aBambang Joko Susilo1 aAku Pramuka Siaga Tata /cBambang Joko Susilo acetakan Agustus aJakarta :bBee Media,c2024 a52 hlm :bilus ;c14,8 x 21 cm aPramuka Siaga Tata adalah tingkatan ketiga atau terakhir dalam satuan Pramuka Siaga setelah Siaga Mula dan Siaga Bantu 4aGerakan Pramuka a025.00851 a025.00852 a025.00853 a025.00854 a025.00855